000 00549nam a2200205Ia 4500
999 _c15942
_d15942
003 OSt
005 20210920102658.0
008 160316s2000 xxu||||| |||| 00| 0 eng d
040 _c.
082 _a338.9 UND
_bUND
100 _aU N D P
245 _aHuman development report 2000
260 _aDelhi
_bOxoford University Press
_c2000
300 _a290p
365 _bRs.425
650 _a1.Human Development Report- 2000
700 _a
_a
856 _uhttp://hdr.undp.org/sites/default/files/reports/261/hdr_2000_en.pdf
942 _2ddc
_cBK